000 00686nam a2200193 a 4500
005 20140310183624.0
008 121023s19uu xx 00 eng d
020 _a9780670020607
050 _aT 803.D6
_b.Ei54 2009
100 _aJonnes, Jill
245 _aEiffel's tower :
_band the World's Fair where Buffalo Bill beguiled Paris, the artists quarreled, and Thomas Edison became a count /
_cJill Jonnes.
260 _aNew York, N.Y :
_bViking,
_c2009.
300 _a354 p. :
_bill. ;
_c25 cm.
600 _aEiffel, Gustave, 1832-1923
650 _aExposition universelle de 1889 (Paris, France)
650 _aTour Eiffel (Paris, France)
942 _cBK
_2lcc
_kFOR
999 _c25476
_d25476